Szczegóły MARC21

Herby miast Pomorza Zachodniego /

003 -Nazwa inst., której nr kontr. jest w polu 001 [,]
    • @
    • Nazwa instytucji, której n kontrolny jest w polu 001
    • NUKAT
005 -DATA I CZAS OSTATNIEJ MODYFIKACJI [,]
    • @
    • pole kontrolne
    • 20241231085639.0
020 -Międzynarod. znormalizowany nr książki - ISBN [ , ]
    • a
    • Numer ISBN
    • 8385360018 Find
040 -Instytucja sporządzająca opis [ , ]
    • a
    • Instytucja, która sporządziła opis (NP)
    • KR PAU/LP
    • c
    • Instytucja, która sporządziła rekord (NP)
    • KR PAU/LP
    • d
    • Instytucja, która zmodyfikowała rekord (P)
    • KR PAU/ynk
    • d
    • Instytucja, która zmodyfikowała rekord (P)
    • POZN U/KNs
942 -Rodzaj dokumentu [ , ]
    • c
    • Rodzaj dokumentu
    • Książka
100 -Hasło główne - nazwa osobowa [1, ]
    • a
    • Nazwa osobowa (NP)
    • Białecki, Tadeusz
    • d
    • Daty biograficzne (NP)
    • (1933- ).
    • 9
    • KHW
    • 7603
245 -Strefa tytułu i oznaczenia odpowiedzialności [1,0]
    • a
    • Tytuł
    • Herby miast Pomorza Zachodniego / Find
    • c
    • Pozostałe elementy strefy tytułu i oznaczenia odpowiedzialności (NP)
    • Tadeusz Białecki ; [herby przejściowe rys. Ludwik Piosicki].
260 -Strefa adresu wydawniczego [ , ]
    • a
    • Miejsce wydania (P)
    • Szczecin :
    • b
    • Nazwa wydawcy (P)
    • Wydawnictwo Polskie Pismo i Książka,
    • c
    • Data wydania (P)
    • 1991.
300 -Strefa opisu fizycznego [ , ]
    • a
    • Określenie formy książki i/lub objętość (NP)
    • 155, [4] s., [84] s. tabl. kolor. :
    • b
    • Oznaczenie ilustracji (NP)
    • il., err.
    • c
    • Format (NP)
    • 21 cm.
336 -Typ zawartości [ , ]
    • a
    • Termin opisujący typ zawartości
    • Tekst
    • b
    • Kod określający zawartość
    • txt
    • 2
    • Źródło (terminu i kodu)
    • rdacontent
337 -Typ mediów [ , ]
    • a
    • Tryb odtwarzania
    • Bez urządzenia pośredniczącego
    • b
    • Kod typu mediów
    • n
    • 2
    • Źródło (terminu i kodu)
    • rdamedia
338 -Typ/rodzaj nośnika [ , ]
    • a
    • Hasło opisujące typ nośnika
    • Wolumin
    • b
    • Kod typu nośnika
    • nc
    • 2
    • Źródło (terminu i kodu)
    • rdacarrier
504 -Uwaga dot. bibliogr. załącznikowej [ , ]
    • a
    • Uwaga dot. bibliografii załącznikowej
    • Bibliogr. s. [157].
504 -Uwaga dot. bibliogr. załącznikowej [ , ]
    • a
    • Uwaga dot. bibliografii załącznikowej
    • Indeks.
080 -Uniwersalna Klasyfikacja Dziesiętna [ , ]
    • 2
    • Identyfikator wydania tablic
    • UDC-PO58
    • a
    • Symbol klasyfikacji
    • 929.6
    • b
    • Dopowiedzenie
    • Heraldyka. Herby, tarcze herbowe. Herbarze. Godła. Źródła heraldyczne.
    • x
    • Poddział wspólny
    • (438-15)
    • b
    • Dopowiedzenie
    • Polska zachodnia.
650 -Hasło przedmiotowe [ ,7]
    • a
    • Hasło przedmiotowe
    • Heraldyka
    • z
    • Określnik geograficzny
    • Polska
    • z
    • Określnik geograficzny
    • Pomorze Zachodnie (region).
    • 2
    • Źródło terminu
    • kaba
    • 9
    • KHW
    • 372844
651 -Hasło przedmiotowe w formie nazwy geograficznej [ ,7]
    • a
    • Nazwa geograficzna
    • Pomorze Zachodnie (Polska ; region)
    • x
    • Określnik rzeczowy
    • herby.
    • 2
    • Źródło terminu
    • kaba
    • 9
    • KHW
    • 372841
980 -Symbol UKD [ , ]
    • a
    • UKD
    • 929.6(438-15) Pomorze Zachodnie
700 -Hasło dodatkowe - nazwa osobowa [1, ]
    • a
    • Nazwa osobowa (NP)
    • Piosicki, Ludwik Find
    • d
    • Daty biograficzne (NP)
    • (1914-2010).
    • e
    • Określenie rodzaju współpracy
    • Il.
    • 9
    • KHW
    • 99247
920 -ISBN [ , ]
    • a
    • ISBN
    • 83-85360-01-8 Find
Numer inwentarzowy Status udost. Data inwentaryzacji Lokalizacja Sygnatura
Z.8186011995-02-21BGZ.81860
W.181960-31995-02-21BG 
W.181961-31995-02-21BGW.181960
W.18196221995-02-21BGW.181960
W.18196321995-02-21BGW.181960
W.18196421995-02-21BGW.181960
W.18196521995-02-21BGW.181960
W.18196621995-02-21BGW.181960
W.18196721995-02-21BGW.181960
W.18196821995-02-21BGW.181960
W.18196921995-02-21BGW.181960
Z.8655011995-02-21BGZ.81860
W.19325621998-02-23BGW.181960
Z.10894412007-06-28BGZ.81860
Ikn.5741 BG 
P.1159411995-02-21BM 
G.9931-31995-02-21BM 
H.267411995-02-21BNS 
F.24948-31995-02-21BNS 
H.14224-32006-03-09BNS 
H.4506-31995-02-21BNS 
H.4507-31995-02-21BNS 
SA.617011995-02-21BSASA.6170